000 01164nam a22002657a 4500
001 BD-DhSAU 9406
003 BD-DhSAU
005 20181210115615.0
008 150613b2009 bg a|||| m||| 00| 0 eng d
040 _aBD-DhSAU
082 _222
_a630.715
_bH7949
100 _aHossain, Md. Masud
_eRegistration # 01049
245 _aSatisfaction of women beneficiaries on micro-credit program of shakti foundation /
_bMS thesis
_c, Md. Masud Hossain
260 _aSher-e-Bangla Agricultural University :
_bDepartment of Agricultural Extension & Information System,
_c2009.
300 _axiii, 68 p. :
_bill. ;
_c30 cm.
500 _aMS thesis of Department of Agricultural Extension & Information System, Faculty of Agriculture, Sher-e-Bangla Agricultural University, Dhaka, Bangladesh
504 _aIncludes bibliographical reference.
590 _aJerin
650 _aAgricultural Extension & Information System
650 _awomen beneficiaries
700 _aIslam, Md. Rafiquel
_eSuperviser
700 _aUlla, Md. Shadat
_eCo-superviser
856 _uhttp://archive.saulibrary.edu.bd:8080/xmlui/handle/123456789/1629
942 _2ddc
_cTHESIS
999 _c9406
_d9406